000 01223nam a2200337 4500
005 20200104041748.0
008 160628t2008 io ao|||r|||| 00| 0 spa d
020 _a9789791412599
040 _aCO-BoIAVH
_cCO-BoIAVH
041 0 _aspa
044 _aind
082 0 4 _a333.7516
_bK16c
100 1 _aKanninen, Markku
_eautor
245 1 1 _a¿Crecen los árboles sobre el dinero?
_bImplicaciones de la investigación sobre la deforestación en las medidas para promover la REDD /
_cMarkku Kanninen [y otros 5]
260 _aJakarta, Indonesia :
_bCIFOR,
_c2008.
300 _aviii, 62 páginas :
_bilustraciones y fotografías a color ;
_c25 x 17 cm.
504 _aIncluye referencias bibliográficas.
650 2 6 _aDeforestación
650 2 6 _aBosques
650 2 6 _aBosques
_xsecuestro de carbono
650 2 6 _aDegradación
650 2 6 _aCarbón
650 2 6 _aGobernancia
650 2 6 _aCambio climático
700 1 _aMurdiyarso, Daniel
_eautor
700 1 _aSeymour, Frances
_eautor
700 1 _aAngelsen, Arild
_eautor
700 1 _aWunder, Sven
_eautor
700 1 _aGerman, Laura
_eautora
942 _2ddc
_cLIBRO
999 _c18850
_d18850